00653cam a22002172 4500001001100000005001700011008004100028020002000069040001500089050002400104100003500128245008400163250001200247260005200259300001700311650003700328700003400365700003000399852000300429852000300432000001955320151021152558.0110110s xx 000 0 eng d a9780137130481 : aKABUcKABU 0aQA76.9b.D3H64 20091 aHoffer, Jeffrey A.@000014841210aModern database management /cJeffrey A. Hoffer, Mary B. Prescott, Heikki Topi. a9th ed. aUpper Saddle River, NJ :bPearson Educ.,c2009. axxxv, 700 p. 0aDatabase management.@00001481841 aPrescott, Mary B.@00001484131 aTopi, Heikki.@00001793271 1